| 000 | 00000nam 2200000zi 4500 |
| 001 | 9.924132 |
| 003 | CaOODSP |
| 005 | 20240912155017 |
| 006 | m o d f |
| 007 | cr |n||||||||| |
| 008 | 230620e19800718onc o f000 0|eng d |
| 040 | |aCaOODSP|beng|erda|cCaOODSP |
| 041 | 0 |aeng|afre |
| 043 | |an-cn--- |
| 086 | 1 |aRE22-310/1980-PDF |
| 245 | 00|aPulp and paper modernization program = |ble Programme de modernisation de l'industrie des pâtes et papiers. |
| 246 | 11|aProgramme de modernisation de l'industrie des pâtes et papiers |
| 264 | 1|a[Ottawa] : |b[Department of Regional Economic Expansion], |c[1980] |
| 300 | |a1 online resource (50 pages) |
| 336 | |atext|btxt|2rdacontent |
| 337 | |acomputer|bc|2rdamedia |
| 338 | |aonline resource|bcr|2rdacarrier |
| 500 | |aDigitized edition from print [produced by Innovation, Science and Economic Development Canada]. |
| 500 | |a"Discussion Paper." |
| 546 | |aText in English and French. |
| 650 | 0|aWood-pulp industry|zCanada. |
| 650 | 0|aPaper industry|zCanada. |
| 710 | 1 |aCanada. |bDepartment of Regional Economic Expansion, |eissuing body. |
| 792 | |tPulp and paper modernization program = |efre|w(CaOODSP)9.943170 |
| 856 | 40|qPDF|s977 KB|uhttps://publications.gc.ca/collections/collection_2024/isde-ised/re22/RE22-310-1980.pdf |